banner koha

A escola do campo: PRONERA - Programa Nacional de Educação na Reforma Agrária (Registro n. 86497)

MARC details
000 -LÍDER
Campo de controle fixo 00906nam a22002777a 4500
001 - NÚMERO DE CONTROLE
Número de controle BR2023001956
003 - CÓDIGO MARC DA AGÊNCIA CATALOGADORA
Campo de controle BR-BrBNA
005 - DATA E HORA DA ÚLTIMA ATUALIZAÇÃO
Campo de controle 20231016223854.0
008 - CAMPO DE TAMANHO FIXO
Campo fixo de controle 231016b bl.||||| |||| 00| 0 por d
040 ## - FONTE DA CATALOGAÇÃO
Agência catalogadora BR-BrBNA
Idioma da catalogação por
041 ## - CÓDIGO DO IDIOMA
Código do Idioma por
072 ## - CATEGORIA AGRIS
Código da categoria de assunto/objeto <a href="E11 ; C10 ; E50">E11 ; C10 ; E50</a>
090 ## - NÚMERO DE CHAMADA
Localização na estante E11 BR2023001956
110 1# - ENTRADA PRINCIPAL - ENTIDADE
9 (RLIN) 7480
Nome da entidade ou lugar Ministério do Desenvolvimento Agrário, Brasília, DF (Brasil). Inst. Nacional de Colonização e Reforma Agrária
245 ## - TÍTULO PRINCIPAL
Título principal A escola do campo: PRONERA - Programa Nacional de Educação na Reforma Agrária
Subtítulo Relatório de Atividades 1998-1999
260 ## - IMPRENTA (PUBLICAÇÃO, DISTRIBUIÇÃO, ETC.)
Lugar de publicação, distribuição, etc. Brasília, DF (Brasil)
Data de publicação, distribuição, etc 1999
300 ## - DESCRIÇÃO FÍSICA
Extensão 68 p.
Detalhes físicos adicionais il.
Dimensões 29 cm
500 ## - NOTA GERAL
Notas gerais 5 illus.; 15 tables; 4 graphs
650 ## - ASSUNTO - THESAGRO
Cabeçalho tópico ou nome geográfico REFORMA AGRÁRIA
650 ## - ASSUNTO - THESAGRO
Cabeçalho tópico ou nome geográfico ASSENTAMENTO
650 ## - ASSUNTO - THESAGRO
Cabeçalho tópico ou nome geográfico EDUCAÇÃO RURAL
650 ## - ASSUNTO - THESAGRO
Cabeçalho tópico ou nome geográfico EXTENSÃO RURAL
650 ## - ASSUNTO - THESAGRO
Cabeçalho tópico ou nome geográfico SOCIOLOGIA RURAL
909 ## - IDENTIFICAÇÃO DO CATALOGADOR
Ano e mês da catalogação (aaaamm) 202310
Identificação do catalogador Fernando
942 ## - TIPO ESPECÍFICO
Tipo de material Livros
952 ## - LOCATION AND ITEM INFORMATION (KOHA)
-- 2023-10-16
Exemplares
Status de empréstimo Fonte de classificação Status de danificação Não pode ser emprestado Código da coleção Localização permanente Localização atual Localização na estante Total Checkouts Número de chamada Código de barras Tipo de material
  Classificação AGRIS     Agrobase Biblioteca Nacional de Agricultura - Binagri Biblioteca Nacional de Agricultura - Binagri Agrobase - Acervo Geral   E11 BR2023001956 2023-436530 Livros

BINAGRI

Telefone: (61)3218-2567/2388/3357/2097 - binagri@agro.gov.br

Ministério da Agricultura e Pecuária , Esplanada dos Ministérios, Bloco D, Anexo B, Brasília/DF, CEP: 70.043-900